[Event "Fagernes op"]
[Site "Fagernes"]
[Date "2024.03.31"]
[Round "9"]
[White "Ganguly, Surya Shekhar"]
[Black "Sorensen, Hampus"]
[Result "1-0"]
[WhiteElo "2574"]
[BlackElo "2428"]
[PlyCount "153"]
[EventDate "2024.03.24"]
[EventType "swiss"]
[EventRounds "9"]
[EventCountry "NOR"]
[SourceTitle "CB14_2024"]
[SourceDate "2024.04.01"]
[SourceVersion "1"]
[SourceVersionDate "2024.04.01"]
[SourceQuality "1"]

1. Nf3 d5 2. e3 Nf6 3. c4 e6 4. Nc3 Bd6 5. b3 0-0 6. Bb2 Nc6 7. d4 dxc4 8. bxc4 e5 9. d5 Ne7 10. Bd3 Ng6 11. Qc2 c6 12. dxc6 bxc6 13. h4 Re8 14. Ng5 Bb4 15. a3 Ba5 16. 0-0-0 Qe7 17. Nce4 Rb8 18. Nd6 e4 19. Ngxe4 Nxe4 20. Bxe4 Rd8 21. c5 Nf8 22. Nc4 Qxc5 23. Nxa5 Qxa5 24. Qc3 Qxc3+ 25. Bxc3 Be6 26. Rxd8 Rxd8 27. Rd1 Rxd1+ 28. Kxd1 c5 29. Be5 Nd7 30. Bd6 f5 31. Bc6 Kf7 32. Kc2 h5 33. a4 g6 34. a5 Kf6 35. f4 Kf7 36. Kb2 Kf6 37. Ka3 Kf7 38. a6 Ke8 39. Ka4 Kd8 40. e4 fxe4 41. Bxe4 Bf7 42. Bb7 Bc4 43. Be4 Bxa6 44. Bxg6 Be2 45. Bf7 c4 46. Kb4 Nf6 47. Be5 Nd7 48. Bd4 Ke7 49. Bg8 a6 50. Bd5 Kd6 51. Bb7 a5+ 52. Kxa5 Nc5 53. Be5+ Ke6 54. Bc8+ Kd5 55. Bc3 Ke4 56. Kb5 Kd5 57. g3 Bf1 58. Ka5 Be2 59. Kb4 Nd3+ 60. Kb5 Nc5 61. Bh3 Bf3 62. Bf1 Nd3 63. f5 Bg4 64. f6 Be6 65. g4 hxg4 66. h5 Bg8 67. h6 Ke6 68. Be2 g3 69. Bg4+ Kf7 70. Bh5+ Ke6 71. h7 Bxh7 72. f7 g2 73. f8Q g1Q 74. Qf6+ Kd7 75. Qc6+ Ke7 76. Bf6+ Kf8 77. Qe8# 1-0

[Event "Fagernes op"]
[Site "Fagernes"]
[Date "2024.03.24"]
[Round "1"]
[White "Ganguly, Surya Shekhar"]
[Black "Daakshin, Arun"]
[Result "1-0"]
[WhiteElo "2574"]
[BlackElo "2283"]
[PlyCount "67"]
[EventDate "2024.03.24"]
[EventType "swiss"]
[EventRounds "9"]
[EventCountry "NOR"]
[SourceTitle "CB14_2024"]
[SourceDate "2024.04.01"]
[SourceVersion "1"]
[SourceVersionDate "2024.04.01"]
[SourceQuality "1"]

1. Nf3 Nf6 2. c4 g6 3. Nc3 Bg7 4. e4 d6 5. d4 0-0 6. Be2 e5 7. 0-0 Nc6 8. d5 Ne7 9. Ne1 Nd7 10. Nd3 f5 11. f3 f4 12. b4 g5 13. a4 h5 14. Kh1 Nf6 15. Nf2 Ng6 16. Rg1 Kf7 17. a5 g4 18. fxg4 hxg4 19. Nxg4 Rh8 20. g3 fxg3 21. Rxg3 Nf4 22. Qg1 N6h5 23. Bxf4 Nxf4 24. Rf1 Bd7 25. c5 Qh4 26. Bb5 Bxg4 27. Rxg4 Qf6 28. Bd7 Bh6 29. Be6+ Ke7 30. Nb5 Bg5 31. Rxg5 Rxh2+ 32. Qxh2 Rh8 33. Rh5 Rxh5 34. Qxh5 1-0

[Event "Wch Blitz"]
[Site "Samarkand"]
[Date "2023.12.30"]
[Round "21"]
[White "Ganguly, Surya Shekhar"]
[Black "Akhmedov, David"]
[Result "1/2-1/2"]
[WhiteElo "2578"]
[BlackElo "2244"]
[PlyCount "212"]
[EventDate "2023.12.29"]
[EventType "swiss (blitz)"]
[EventRounds "21"]
[EventCountry "UZB"]
[SourceTitle "CB01_2024"]
[SourceDate "2024.01.03"]
[SourceVersion "1"]
[SourceVersionDate "2024.01.03"]
[SourceQuality "1"]

1. Nf3 Nf6 2. c4 e6 3. Nc3 d5 4. e3 Be7 5. b3 dxc4 6. Bxc4 0-0 7. Bb2 a6 8. 0-0 b5 9. Be2 Bb7 10. a4 b4 11. Nb1 a5 12. d3 Nbd7 13. Nbd2 Nd5 14. Rc1 c5 15. Nc4 Bf6 16. d4 cxd4 17. Nxd4 Nc5 18. Bf3 Rc8 19. Re1 Ba6 20. e4 Bxc4 21. Rxc4 Nb6 22. Rc1 e5 23. Nf5 Qxd1 24. Rexd1 Nxb3 25. Rxc8 Rxc8 26. Bxe5 Rc1 27. Bxf6 gxf6 28. Rxc1 Nxc1 29. Bd1 b3 30. Ne7+ Kf8 31. Nc6 b2 32. Bc2 Nxa4 33. Nxa5 Nc3 34. Nc4 b1Q 35. Bxb1 Nxb1 36. Kf1 Nc3 37. f3 Nd3 38. g4 Ne5 39. Nd2 Nd3 40. Kg2 Ke7 41. Kg3 Ke6 42. Nc4 Ne2+ 43. Kh4 Ne5 44. Nd2 Kd6 45. Kh5 Kc5 46. Kh6 Kd4 47. Kxh7 Ke3 48. Nb3 Kxf3 49. h3 Nf4 50. Kg7 Nxh3 51. Kxf6 Kxe4 52. Nc5+ Kf4 53. Nd3+ Nxd3 54. Kxf7 Ng5+ 55. Kf6 Ne5 56. Ke7 Nc6+ 57. Kd6 Nd4 58. Kd5 Nde6 59. Kd6 Ke4 60. Kc6 Ke5 61. Kb5 Kd5 62. Kb4 Nd4 63. Kc3 Kc5 64. Kd3 Kd5 65. Kc3 Nde6 66. Kb4 Nd4 67. Kc3 Ne4+ 68. Kd3 Ng5 69. Kc3 Nc6 70. Kd3 Kc5 71. Ke3 Kd5 72. Kf4 Ne6+ 73. Kf5 Ne7+ 74. Kf6 Kd6 75. g5 Nd5+ 76. Kf5 Ke7 77. g6 Ng7+ 78. Ke5 Nf6 79. Kd4 Kd6 80. Kc4 Nd5 81. Kd4 Nc7 82. Ke4 Nce6 83. Kd3 Kd5 84. Ke3 Nd4 85. Kf4 Nc6 86. Kg5 Ke6 87. Kf4 Kd5 88. Kg5 Ke5 89. Kg4 Nd4 90. Kg3 Ke4 91. Kf2 Kf4 92. Kg2 Ke3 93. Kg3 Nde6 94. Kg2 Nf4+ 95. Kg3 Nfh5+ 96. Kg2 Ke2 97. Kh3 Kf3 98. Kh4 Kf4 99. Kh3 Nf6 100. Kg2 Ne4 101. Kf1 Ke3 102. Ke1 Nf2 103. Kf1 Nd3 104. Kg2 Nf5 105. g7 Nf4+ 106. Kh2 Nxg7 1/2-1/2

[Event "Wch Blitz"]
[Site "Samarkand"]
[Date "2023.12.30"]
[Round "17"]
[White "Ganguly, Surya Shekhar"]
[Black "Sattarov, Bobir"]
[Result "1-0"]
[WhiteElo "2578"]
[BlackElo "2353"]
[PlyCount "111"]
[EventDate "2023.12.29"]
[EventType "swiss (blitz)"]
[EventRounds "21"]
[EventCountry "UZB"]
[SourceTitle "CB01_2024"]
[SourceDate "2024.01.03"]
[SourceVersion "1"]
[SourceVersionDate "2024.01.03"]
[SourceQuality "1"]

1. e4 e5 2. Nf3 Nc6 3. d4 exd4 4. Nxd4 Nf6 5. Nxc6 bxc6 6. Nd2 d6 7. Bd3 Be7 8. 0-0 0-0 9. f4 Ng4 10. Qe2 d5 11. Nf3 Bc5+ 12. Kh1 Re8 13. e5 Rb8 14. c3 a5 15. h3 Nh6 16. Qc2 g6 17. g4 f5 18. Nd4 Qh4 19. Qh2 fxg4 20. hxg4 Qxh2+ 21. Kxh2 Nxg4+ 22. Kg3 Bxd4 23. cxd4 Bf5 24. Be2 h5 25. b3 a4 26. bxa4 Rb4 27. a5 Rxd4 28. a6 Ra4 29. Rf3 h4+ 30. Kxh4 Nxe5 31. Ra3 Re4 32. a7 Ra8 33. Rb1 Kf7 34. Rb8 Rxa7 35. Rxa7 Rxe2 36. fxe5 Ke6 37. Rxc7 d4 38. Rd8 Rh2+ 39. Kg3 Rh3+ 40. Kg2 Kxe5 41. Re7+ Kf6 42. Re1 Rc3 43. Rxd4 Rc2+ 44. Rd2 Rc4 45. Bb2+ Kg5 46. Re3 Ra4 47. a3 Rc4 48. Rg3+ Kf4 49. Rf2+ Ke4 50. Re2+ Kd5 51. Rge3 Rh4 52. Rd2+ Kc5 53. Bf6 Rg4+ 54. Kf2 Kb5 55. Rd4 Rxd4 56. Bxd4 1-0

[Event "Wch Blitz"]
[Site "Samarkand"]
[Date "2023.12.29"]
[Round "8"]
[White "Ganguly, Surya Shekhar"]
[Black "Suleymenov, Alisher"]
[Result "1-0"]
[WhiteElo "2578"]
[BlackElo "2513"]
[PlyCount "55"]
[EventDate "2023.12.29"]
[EventType "swiss (blitz)"]
[EventRounds "21"]
[EventCountry "UZB"]
[SourceTitle "CB01_2024"]
[SourceDate "2024.01.03"]
[SourceVersion "1"]
[SourceVersionDate "2024.01.03"]
[SourceQuality "1"]

1. e4 c5 2. Nf3 Nc6 3. c3 Nf6 4. e5 Nd5 5. Bc4 Nb6 6. Bb3 c4 7. Bc2 g6 8. 0-0 Bg7 9. Re1 0-0 10. d4 cxd3 11. Qxd3 d6 12. exd6 exd6 13. Bg5 Qc7 14. Qd1 d5 15. Nbd2 h6 16. Bh4 a5 17. Bg3 Qd8 18. Ne5 a4 19. a3 Re8 20. Ndf3 Nc4 21. Nxc4 Rxe1+ 22. Qxe1 dxc4 23. Rd1 Qb6 24. Qe8+ Kh7 25. Qxf7 Nd8 26. Rxd8 Qxd8 27. Be5 Qf8 28. Bxg6+ 1-0

[Event "Wch Rapid"]
[Site "Samarkand"]
[Date "2023.12.26"]
[Round "4"]
[White "Ganguly, Surya Shekhar"]
[Black "Khismatullin, Denis Rimovich"]
[Result "0-1"]
[WhiteElo "2578"]
[BlackElo "2579"]
[PlyCount "104"]
[EventDate "2023.12.26"]
[EventType "swiss (rapid)"]
[EventRounds "13"]
[EventCountry "UZB"]
[SourceTitle "CB01_2024"]
[SourceDate "2024.01.03"]
[SourceVersion "1"]
[SourceVersionDate "2024.01.03"]
[SourceQuality "1"]

1. e4 c5 2. Nf3 d6 3. d4 cxd4 4. Nxd4 Nf6 5. Nc3 a6 6. Be3 e5 7. Nf3 Be7 8. h3 Qc7 9. g4 h6 10. a4 Nbd7 11. g5 hxg5 12. Nxg5 Nf8 13. a5 Ne6 14. Nxe6 Bxe6 15. Nd5 Nxd5 16. exd5 Bf5 17. c4 Rh4 18. Ra3 Kf8 19. Rg1 g6 20. Qf3 Qd7 21. Qg3 Kg7 22. Bg5 Bxg5 23. Qxg5 Rah8 24. Rgg3 Rf4 25. Rge3 Bg4 26. Rg3 f6 27. Qxg4 Rxg4 28. Rxg4 f5 29. Rg5 Qd8 30. Rg1 e4 31. Be2 Kf6 32. b4 Qe7 33. Rag3 Rh6 34. f4 exf3 35. Rxf3 Qe4 36. b5 Qd4 37. Rgg3 Rh4 38. Re3 Re4 39. Rxe4 fxe4 40. bxa6 bxa6 41. Rg4 Kf5 42. h4 Qa1+ 43. Kf2 Qxa5 44. Rg5+ Kf6 45. Ke3 Qc3+ 46. Kxe4 a5 47. Bd3 a4 48. Ke3 Qe1+ 49. Kf3 Qxh4 50. Rxg6+ Kf7 51. Rxd6 Qh3+ 52. Ke4 Qg4+ 0-1

[Event "Wch Rapid"]
[Site "Samarkand"]
[Date "2023.12.26"]
[Round "3"]
[White "Gharibyan, Mamikon"]
[Black "Ganguly, Surya Shekhar"]
[Result "0-1"]
[WhiteElo "2504"]
[BlackElo "2578"]
[PlyCount "116"]
[EventDate "2023.12.26"]
[EventType "swiss (rapid)"]
[EventRounds "13"]
[EventCountry "UZB"]
[SourceTitle "CB01_2024"]
[SourceDate "2024.01.03"]
[SourceVersion "1"]
[SourceVersionDate "2024.01.03"]
[SourceQuality "1"]

1. e4 e5 2. Nf3 Nc6 3. Bb5 a6 4. Ba4 Nf6 5. d3 b5 6. Bb3 Bc5 7. a4 Rb8 8. c3 d6 9. axb5 axb5 10. 0-0 0-0 11. Bg5 h6 12. Bh4 g5 13. Bg3 Qe7 14. d4 Bb6 15. Re1 Bg4 16. Bd5 Na5 17. dxe5 dxe5 18. Bxe5 Rbd8 19. Bd4 c5 20. Bxf6 Qxf6 21. Nbd2 c4 22. Qc2 Rfe8 23. e5 Bxf2+ 24. Kxf2 Qb6+ 25. Kg3 Rxd5 26. Ne4 Bf5 27. Nf6+ Qxf6 28. exf6 Rxe1 29. Qf2 Rxa1 30. Qb6 Kh7 31. Qb8 Kg6 32. Qh8 Be6 33. Qg7+ Kh5 34. h4 Rf1 35. hxg5 Rxf3+ 36. Kxf3 Rxg5 37. Qh7 Nc6 38. Kf4 Ne5 39. Qb1 Nd3+ 40. Ke3 Kg6 41. b4 Kxf6 42. Qg1 Rg3+ 43. Kd4 Rg4+ 44. Ke3 Bd5 45. Qh2 Kg7 46. Qb8 Re4+ 47. Kd2 Nf4 48. Kd1 Nxg2 49. Qxb5 Re1+ 50. Kd2 Bf3 51. Qb8 Re2+ 52. Kc1 Be4 53. b5 Ne1 54. Kd1 Bf3 55. Qg3+ Kh7 56. Kc1 Nd3+ 57. Kb1 Be4 58. Qg4 Ne5+ 0-1

[Event "Wch Rapid"]
[Site "Samarkand"]
[Date "2023.12.26"]
[Round "5"]
[White "Nasuta, Grzegorz"]
[Black "Ganguly, Surya Shekhar"]
[Result "1/2-1/2"]
[WhiteElo "2579"]
[BlackElo "2578"]
[PlyCount "129"]
[EventDate "2023.12.26"]
[EventType "swiss (rapid)"]
[EventRounds "13"]
[EventCountry "UZB"]
[SourceTitle "CB01_2024"]
[SourceDate "2024.01.03"]
[SourceVersion "1"]
[SourceVersionDate "2024.01.03"]
[SourceQuality "1"]

1. e4 e5 2. Nf3 Nc6 3. Bc4 Nf6 4. d3 Bc5 5. 0-0 d6 6. c3 a5 7. Re1 Ba7 8. Nbd2 h6 9. Nf1 Be6 10. Bb5 0-0 11. h3 Ne7 12. Ng3 c6 13. Ba4 Ng6 14. d4 exd4 15. Nxd4 d5 16. e5 Ne4 17. Nxe4 dxe4 18. Rxe4 Bd5 19. Re1 Re8 20. Qh5 Qh4 21. Qxh4 Nxh4 22. Bb3 Bxg2 23. e6 fxe6 24. Bxe6+ Kh8 25. Bf4 Bxd4 26. cxd4 Bd5 27. Bxd5 cxd5 28. Kf1 Nf3 29. Rxe8+ Rxe8 30. Be3 Rc8 31. Ke2 Nh4 32. Kd3 Kg8 33. Bd2 b6 34. Re1 Kf7 35. Re5 Rd8 36. Re1 Nf5 37. Rc1 Kg6 38. Bf4 Kh5 39. Rc6 Kh4 40. Rxb6 Kxh3 41. Rg6 Rf8 42. Be5 Rf7 43. b3 h5 44. a3 h4 45. b4 axb4 46. axb4 Nh6 47. b5 Rxf2 48. b6 Rb2 49. Bc7 Nf5 50. Rg5 Rb3+ 51. Kd2 Nxd4 52. Rxd5 Ne6 53. Rd6 Nc5 54. Rc6 Rb2+ 55. Ke3 Na4 56. Rg6 Nxb6 57. Bxb6 Rg2 58. Rc6 g5 59. Bd8 Kg4 60. Rg6 Kh5 61. Rxg5+ Rxg5 62. Bxg5 Kxg5 63. Kf3 h3 64. Kg3 h2 65. Kxh2 1/2-1/2

[Event "IND-ch 60th"]
[Site "Pune"]
[Date "2023.08.26"]
[Round "11"]
[White "Ganguly, Surya Shekhar"]
[Black "Wagh, Suyog"]
[Result "1-0"]
[WhiteElo "2583"]
[BlackElo "2221"]
[PlyCount "91"]
[EventDate "2023.08.16"]
[EventType "swiss"]
[EventRounds "11"]
[EventCountry "IND"]
[SourceTitle "EXT 2024"]
[Source "ChessBase"]
[SourceDate "2023.10.10"]
[SourceVersion "1"]
[SourceVersionDate "2023.10.10"]
[SourceQuality "1"]

1. e4 c6 2. Nf3 d5 3. Nc3 g6 4. d4 Bg7 5. h3 dxe4 6. Nxe4 Nf6 7. Nxf6+ exf6 8. Bd3 0-0 9. 0-0 Re8 10. c4 Na6 11. Re1 Be6 12. a3 Qd6 13. Be3 Nc7 14. Qd2 Bf8 15. Rac1 Qd7 16. Bf4 Bd6 17. d5 cxd5 18. c5 Bxf4 19. Qxf4 Qd8 20. Nd4 Bd7 21. Rxe8+ Nxe8 22. b4 Qc7 23. Qe3 a6 24. Qe7 Bb5 25. Qe3 Bxd3 26. Qxd3 Ng7 27. Qc3 Rc8 28. a4 Qe5 29. Re1 Qc7 30. Qf3 Qd8 31. Qe3 Rc7 32. Qc3 h5 33. b5 axb5 34. axb5 Ne6 35. Rxe6 fxe6 36. Nxe6 Qe7 37. Nxc7 Qxc7 38. Qd4 Qd8 39. c6 bxc6 40. bxc6 Kf7 41. Qc5 d4 42. c7 Qc8 43. Kf1 d3 44. Qd6 Qe8 45. Qd5+ Kg7 46. Qb7 1-0

[Event "IND-ch 60th"]
[Site "Pune"]
[Date "2023.08.23"]
[Round "8"]
[White "Ganguly, Surya Shekhar"]
[Black "Krishna, C Revanth Gopala"]
[Result "1/2-1/2"]
[WhiteElo "2583"]
[BlackElo "2405"]
[PlyCount "161"]
[EventDate "2023.08.16"]
[EventType "swiss"]
[EventRounds "11"]
[EventCountry "IND"]
[SourceTitle "EXT 2024"]
[Source "ChessBase"]
[SourceDate "2023.10.10"]
[SourceVersion "1"]
[SourceVersionDate "2023.10.10"]
[SourceQuality "1"]

1. e4 e6 2. d4 d5 3. Nc3 Nf6 4. e5 Nfd7 5. f4 c5 6. Nf3 Nc6 7. Be3 cxd4 8. Nxd4 Qb6 9. Qd2 Qxb2 10. Rb1 Qa3 11. Bb5 Nxd4 12. Bxd4 a6 13. Bxd7+ Bxd7 14. Rb3 Qe7 15. Rxb7 Qh4+ 16. g3 Qd8 17. Bb6 Qc8 18. Rc7 Qd8 19. Qd4 Ba3 20. Nb1 Be7 21. c4 Rc8 22. Rb7 Bb4+ 23. Kf2 Qxb6 24. Rxb6 Bc5 25. Rd1 0-0 26. cxd5 exd5 27. Rxa6 Bf5 28. Rb6 Bxd4+ 29. Rxd4 Bxb1 30. Rxb1 Rc2+ 31. Kf3 Rxa2 32. h4 Ra3+ 33. Kg2 Ra5 34. h5 h6 35. Rbd1 Rd8 36. Kf3 Kf8 37. Kg4 Rc5 38. R1d3 Ke7 39. Kf5 Rd7 40. Ra4 Rc8 41. Ra5 d4 42. Ra4 Rc3 43. Ke4 f5+ 44. exf6+ Kxf6 45. g4 Re7+ 46. Kxd4 Rxd3+ 47. Kxd3 Re1 48. Kd4 Rg1 49. Ra6+ Kf7 50. Rg6 Ra1 51. Ke4 Ra4+ 52. Kf3 Ra3+ 53. Kg2 Ra2+ 54. Kg3 Ra3+ 55. Kh4 Rf3 56. f5 Rf1 57. Kg3 Rg1+ 58. Kf2 Ra1 59. Rd6 Ra3 60. Re6 Rb3 61. Re3 Rb4 62. Kf3 Kf6 63. Re6+ Kf7 64. Re4 Rb3+ 65. Kf4 Rb1 66. Ke5 Rg1 67. Kd6 Rd1+ 68. Ke5 Rg1 69. Rc4 Re1+ 70. Kf4 Rf1+ 71. Kg3 Rg1+ 72. Kf2 Ra1 73. Rc3 Kf6 74. Rc6+ Kf7 75. Rg6 Ra2+ 76. Kg3 Ra3+ 77. Kh4 Rf3 78. Rd6 Ke7 79. Rb6 Kf7 80. Re6 Kf8 81. Rc6 1/2-1/2

[Event "IND-ch 60th"]
[Site "Pune"]
[Date "2023.08.20"]
[Round "5"]
[White "Ganguly, Surya Shekhar"]
[Black "Soham, Kamotra"]
[Result "1-0"]
[WhiteElo "2583"]
[BlackElo "2381"]
[PlyCount "131"]
[EventDate "2023.08.16"]
[EventType "swiss"]
[EventRounds "11"]
[EventCountry "IND"]
[SourceTitle "EXT 2024"]
[Source "ChessBase"]
[SourceDate "2023.10.10"]
[SourceVersion "1"]
[SourceVersionDate "2023.10.10"]
[SourceQuality "1"]

1. e4 c5 2. Nf3 d6 3. d4 cxd4 4. Nxd4 Nf6 5. Nc3 Nc6 6. Bg5 e6 7. Qd2 a6 8. 0-0-0 Bd7 9. Nxc6 Bxc6 10. f3 Be7 11. h4 b5 12. Ne2 Rc8 13. Nd4 Bd7 14. Kb1 Qc7 15. g3 h6 16. Be3 e5 17. Nf5 Bxf5 18. exf5 d5 19. Qg2 d4 20. Bc1 Nd5 21. Bd3 b4 22. f4 Qa5 23. fxe5 b3 24. cxb3 Nb4 25. a3 Nxd3 26. Rxd3 Qxe5 27. Qf2 0-0 28. Re1 Qb5 29. Qf3 Rfd8 30. Bd2 Bf6 31. a4 Qd7 32. Qg4 Kh7 33. Bg5 Rc5 34. Bxf6 gxf6 35. Red1 Rd5 36. Qf4 Qb7 37. Ka2 Qb6 38. g4 Qc5 39. Rc1 Qe7 40. Rc6 Qe5 41. Qf3 a5 42. Rc2 Qe1 43. Rc7 Kg8 44. g5 Qe5 45. gxh6 Qxc7 46. Qg2+ Kf8 47. h7 Ke7 48. h8Q Rxh8 49. Qxd5 Rd8 50. Qf3 Qh2 51. Rd1 Qe5 52. Rd2 Qd5 53. Re2+ Kd6 54. Qd3 Kd7 55. h5 Rb8 56. Rc2 Rb4 57. Rc4 Rxc4 58. bxc4 Qe5 59. h6 Qe3 60. Qxe3 dxe3 61. h7 e2 62. h8Q e1Q 63. Qxf6 Ke8 64. Qc6+ Kf8 65. f6 Kg8 66. Qg2+ 1-0

[Event "IND-ch 60th"]
[Site "Pune"]
[Date "2023.08.19"]
[Round "4"]
[White "Nitin, Senthilvel"]
[Black "Ganguly, Surya Shekhar"]
[Result "1/2-1/2"]
[WhiteElo "2386"]
[BlackElo "2583"]
[PlyCount "64"]
[EventDate "2023.08.16"]
[EventType "swiss"]
[EventRounds "11"]
[EventCountry "IND"]
[SourceTitle "EXT 2024"]
[Source "ChessBase"]
[SourceDate "2023.10.10"]
[SourceVersion "1"]
[SourceVersionDate "2023.10.10"]
[SourceQuality "1"]

1. e4 c5 2. Nf3 d6 3. Bb5+ Nd7 4. d4 cxd4 5. Qxd4 a6 6. Bxd7+ Bxd7 7. c4 Nf6 8. Bg5 Bg4 9. Nfd2 Qa5 10. Be3 g6 11. Nc3 Bg7 12. Nd5 0-0 13. Qb6 Qxb6 14. Nxb6 Rab8 15. f3 Be6 16. Bd4 Rfd8 17. Rc1 Nd7 18. Bxg7 Kxg7 19. Nd5 Ne5 20. Ke2 b5 21. b3 Rb7 22. cxb5 axb5 23. Nb4 f5 24. Rc3 f4 25. Rhc1 Kf7 26. Rc7 Rdb8 27. Rxb7 Rxb7 28. Nb1 g5 29. Nc3 Bd7 30. Ncd5 e6 31. Nc3 Rb8 32. Nd1 Ke7 1/2-1/2

[Event "Paleochora op 16th"]
[Site "Paleochora"]
[Date "2023.07.26"]
[Round "9"]
[White "Ganguly, Surya Shekhar"]
[Black "Banikas, Hristos"]
[Result "1/2-1/2"]
[WhiteElo "2571"]
[BlackElo "2599"]
[PlyCount "61"]
[EventDate "2023.07.19"]
[EventType "swiss"]
[EventRounds "9"]
[EventCountry "GRE"]
[SourceTitle "EXT 2024"]
[Source "ChessBase"]
[SourceDate "2023.10.10"]
[SourceVersion "1"]
[SourceVersionDate "2023.10.10"]
[SourceQuality "1"]

1. e4 c5 2. c3 d5 3. exd5 Qxd5 4. d4 Nf6 5. Nf3 Bg4 6. dxc5 Qxc5 7. Be3 Qc7 8. h3 Bf5 9. Nd4 Bd7 10. Nb5 Bxb5 11. Bxb5+ Nbd7 12. 0-0 e6 13. Qa4 a6 14. Rd1 Rd8 15. Be2 Bc5 16. Bxc5 Qxc5 17. Nd2 0-0 18. Ne4 Qb6 19. Nxf6+ Nxf6 20. Qb3 Qc7 21. a4 a5 22. Qc4 Qxc4 23. Bxc4 Rxd1+ 24. Rxd1 Rc8 25. Be2 Kf8 26. Rd6 Rb8 27. Bf3 b5 28. Ra6 bxa4 29. Rxa5 Rxb2 30. Rxa4 Nd7 31. Ra8+ 1/2-1/2

[Event "Paleochora op 16th"]
[Site "Paleochora"]
[Date "2023.07.22"]
[Round "5"]
[White "Ganguly, Surya Shekhar"]
[Black "Trost, Edvin"]
[Result "1-0"]
[WhiteElo "2571"]
[BlackElo "2437"]
[PlyCount "49"]
[EventDate "2023.07.19"]
[EventType "swiss"]
[EventRounds "9"]
[EventCountry "GRE"]
[SourceTitle "EXT 2024"]
[Source "ChessBase"]
[SourceDate "2023.10.10"]
[SourceVersion "1"]
[SourceVersionDate "2023.10.10"]
[SourceQuality "1"]

1. e4 e6 2. d4 d5 3. Nc3 Nf6 4. e5 Nfd7 5. f4 c5 6. Nf3 Nc6 7. Be3 Rb8 8. Be2 cxd4 9. Nxd4 Bc5 10. Qd2 a6 11. 0-0-0 Nxd4 12. Bxd4 b5 13. Ne4 Be7 14. Nd6+ Bxd6 15. exd6 0-0 16. g4 f6 17. g5 fxg5 18. Rhg1 Rxf4 19. Qxf4 gxf4 20. Rxg7+ Kf8 21. Rdg1 Qf6 22. Bh5 Qg6 23. Bxg6 hxg6 24. R1xg6 e5 25. Bf2 1-0